000 00575nam a2200217Ia 4500
003 OSt
005 20220926000459.0
006 a|||||r|||| 00| 0
007 ta
008 220923b |||||||| |||| 00| 0 eng d
037 _cGeneral Book
040 _aRTL
_cRTL
_beng
041 _2eng
_aeng
082 _aT.1,dN46.N6, K7
245 0 _aTWENTY YEARS of Unesco
260 _a New Delhi
_bIndia International Centre India
_c1967
300 _a88p.
_ccm.
650 _aEducation
942 _hT.1,dN46.N6, K7
_cGB
_2CC
999 _c599125
_d599125